00249nam a2200109Ia 4500008004100000082000900041100001500050245002000065260001400085630002000099730002000119100328s9999 xx 000 0 und d b1470 aGauba K.L. aInside Pakistan bRaj kamal aInside Pakistan aInside Pakistan